[Event "Bundesliga 0304"]
[Site "Germany"]
[Date "2004.03.27"]
[Round "12.5"]
[White "Lau, Ralf"]
[Black "Fish, Gennadij"]
[Result "0-1"]
[WhiteElo "2503"]
[BlackElo "2509"]
[Annotator "Atlas,V"]
[PlyCount "114"]
[EventDate "2003.11.01"]
[EventType "team-tourn"]
[EventRounds "15"]
[EventCountry "GER"]
[SourceTitle "CBM 100"]
[Source "ChessBase"]
[SourceDate "2004.06.01"]
[SourceVersion "1"]
[SourceVersionDate "2004.06.01"]
[SourceQuality "1"]
[WhiteTeam "Kreuzberg"]
[BlackTeam "Bremer SG"]
[WhiteTeamCountry "GER"]
[BlackTeamCountry "GER"]

1. e4 c5 2. Nc3 e6 3. Nge2 Nc6 4. g3 Nge7 5. Bg2 Nd4 6. O-O g6 7. d3 Bg7 8. Rb1
O-O 9. a3 a5 10. Be3 a4 11. f4 d6 12. h3 Bd7 13. g4 f5 14. Ng3 Bc6 15. Qd2 Qd7
16. Nce2 b5 17. Nxd4 cxd4 18. Bf2 Rac8 19. gxf5 exf5 20. Ne2 fxe4 21. dxe4 Qb7
22. Qd3 Nf5 23. Nxd4 Nxd4 24. Bxd4 Bh6 25. Bc3 Bxf4 26. Rxf4 Rxf4 27. Qxd6 Rcf8
28. Qe5 R4f6 29. Rd1 Qa7+ 30. Bd4 Qd7 31. Rd3 Qe6 32. Qg5 R6f7 33. Bc5 Bxe4 34.
Re3 Rf5 35. Qe7 Qxe7 $2 ({Significantly complicating Black's task. The
quickest way to win was Erschwert die schwarze Aufgabe erheblich. Der
schnellste Weg zum Sieg war} 35... Qd5 $1 {, and , und} 36. Bxe4 {fails to
scheitert an} (36. Rxe4 Qxc5+ 37. Qxc5 Rxc5) 36... Qd1+ 37. Kh2 Rf2+ 38. Bg2
Rxg2+ 39. Kxg2 Qf1+ 40. Kh2 Rf2+ 41. Kg3 Qg2+ 42. Kh4 Rf4#) 36. Bxe7 Bxc2 37.
Bxf8 Kxf8 38. Rc3 Bb3 39. Rc7 h5 40. Bf1 Rg5+ 41. Kf2 Rf5+ 42. Ke1 Rd5 43. Be2
Re5 44. Kf2 Be6 45. Rb7 Bxh3 46. Bxb5 h4 47. Bxa4 Rf5+ 48. Ke3 Bg2 49. Rh7 h3
50. Bc2 Rf3+ 51. Ke2 g5 52. Rh5 Rf6 53. Ke3 Ke7 ({Auf} 53... g4 {is strongly
met by folgt stark} 54. Bf5 $1) 54. b4 $2 ({A decisive mistake. Essential was
Ein entscheidender Fehler. Erforderlich war} 54. Bd1) 54... g4 55. Bf5 {
[%tqu "En","Black is very close to victory. How can he achieve it?","Passed
pawns are what count in this position! Help one of them to go forward!","Try
to deflect the enemy rook!","f6f5","This elegant move wins on the spot.",3,
"De","Schwarz steht ganz dicht vor dem Sieg. Wie kann er ihn einfahren?","In
dieser Stellung zählen Freibauern! Helfen Sie einem von ihnen vorzurücken!",
"Versuchen Sie, den feindlichen Turm abzulenken!","f6f5","Dieser elegante Zug
gewinnt auf der Stelle.",3]} Rxf5 $1 {[%csl Gf5,Gg2,Gg4,Gh3,Rh5][%cal Gh3h1]
This nice sacrifice deflects the white rook and opens the way for the h-pawn.
Dieses hübsche Opfer lenkt den weißen Turm ab und macht den Weg für den
h-Bauern frei.} 56. Rxf5 h2 57. Rh5 Bh3 $1 {White resigned, as he cannot stop
the h-pawn. Weiß gab auf, denn er kann den h-Bauer nicht aufhalten.} 0-1

[Event "New York Smartchess.com"]
[Site "New York"]
[Date "2001.06.05"]
[Round "2"]
[White "Charbonneau, Pascal"]
[Black "Novikov, Igor A"]
[Result "0-1"]
[WhiteElo "2407"]
[BlackElo "2596"]
[Annotator "Atlas,V"]
[PlyCount "76"]
[EventDate "2001.06.04"]
[EventType "tourn"]
[EventRounds "9"]
[EventCountry "USA"]
[EventCategory "9"]
[SourceTitle "CBM 084"]
[Source "ChessBase"]
[SourceDate "2001.09.13"]
[SourceVersion "1"]
[SourceVersionDate "2001.09.13"]
[SourceQuality "1"]

1. e4 c5 2. Nc3 d6 3. f4 g6 4. Nf3 Bg7 5. Bc4 Nc6 6. O-O e6 7. d3 Nge7 8. Qe1
h6 9. Bb3 a6 10. a4 Rb8 11. Be3 O-O 12. f5 gxf5 13. Nh4 Nd4 14. Bxd4 Bxd4+ 15.
Kh1 Kh7 16. exf5 Nxf5 17. Nxf5 exf5 18. Qe2 Bd7 19. Rae1 Qg5 20. Qf3 b5 21.
axb5 axb5 22. Nd1 Be5 23. c3 $2 ({A dubious decision.} 23. Bd5 {was to be
preferred. After the text move Black gets large advantage.}) 23... Qh4 $1 24.
g3 $2 Bxg3 $1 25. Re2 Be5 26. Ne3 f4 27. d4 Bg7 28. Bc2+ Kh8 29. Ng2 Qh3 30.
Qe4 f5 31. Qxf4 Rbe8 32. Ref2 cxd4 33. cxd4 Bc6 34. Bxf5 Qe3 35. Kg1 Qxf4 36.
Rxf4 {[%tqu "En","All Black's pieces are very active. How can he decide the
game?","Use your powerful bishops.","Try to deflect the f4-rook from defending
the d4-pawn.","f8f5","This is very simple and very neat.",6]} Rxf5 $1 (36...
Re2 37. R1f2 Rxf2 38. Kxf2 Bxd4+ 39. Rxd4 Rxf5+ 40. Nf4 {allows for some
resistance. The text move immediately decides the game.}) 37. Rxf5 Bxd4+ {
[%csl Rg1,Rg2,Rh1][%cal Gd4g1,Gc6h1,Ge7e2]} 38. Kh1 ({After} 38. R1f2 {Black
can transform the game into easily winning pawn ending:} Rg8 39. Kf1 Bxf2 40.
Rxf2 Bxg2+ 41. Rxg2 Rxg2 42. Kxg2 Kg7 43. Kf3 Kf6 44. Ke4 Ke6 45. Kd4 d5 46. b4
h5 47. Kc5 Ke5 48. Kxb5 d4 $19) 38... Re2 (38... Rg8 {is less efficient in
view of} 39. R5f3) (38... Re2 {And White resigned, as after} 39. Rf8+ Kg7 40.
R8f7+ Kg6 41. R7f3 Bxf3 42. Rxf3 Rxb2 {his position is hopeless.}) 0-1

[Event "EU-Cup 21st"]
[Site "Saint Vincent"]
[Date "2005.09.20"]
[Round "3.1"]
[White "Gashimov, Vugar"]
[Black "Agopov, Mikael"]
[Result "1-0"]
[WhiteElo "2594"]
[BlackElo "2389"]
[Annotator "Babula,V"]
[PlyCount "31"]
[EventDate "2005.09.18"]
[EventType "team-swiss"]
[EventRounds "7"]
[EventCountry "ITA"]
[SourceTitle "CBM 110"]
[Source "ChessBase"]
[SourceDate "2006.01.31"]
[SourceVersion "1"]
[SourceVersionDate "2006.01.31"]
[SourceQuality "1"]
[WhiteTeam "Marmaris"]
[BlackTeam "Matinkylan"]
[WhiteTeamCountry "TUR"]
[BlackTeamCountry "FIN"]

1. e4 c5 2. Nc3 Nc6 3. Bb5 Nd4 {A natural answer to White' bishop advance. But
not only one, of course, the choice is a matter of taste.} 4. Bc4 {White keeps
his bishop and points it to f7.} g6 {Black logically plans to develop his
dark-squared bishop to the long diagonal, where it could help to keep the
outpost d4.} 5. Nf3 Bg7 6. Nxd4 cxd4 7. Qf3 $1 {[%cal Gf3f7,Gc4f7] It looks
like the move of beginner, it threatens the primitive mate on f7. But to
defend correctly is not easy at all and that is the reason why this line has
become rather popular recently.} Nh6 {The only one accurate answer, but also
with a drawback, the knight doesn't stand here well.} ({Clearly bad is} 7... e6
$2 8. Nb5 $16 {[%cal Yb5d6]} d6 (8... Qb6 9. Qf4) (8... Be5 9. c3) 9. Qa3) ({
White position is also better after} 7... Nf6 $2 8. Nb5 O-O 9. Nxd4 $14 {
, Black's compensation for a pawn is not sufficient.}) 8. Ne2 O-O 9. h3 $5 {
[%csl Rg4] פh6 White takes Black's knight the g4 square.} ({The reason is,
that after} 9. d3 {Black will solve his problem by strong} Ng4 $1 {, for
example} 10. Bb3 (10. Qxg4 d5 11. Qg3 dxc4 12. dxc4 f5 $1 13. e5 Qa5+ $11) (10.
Bxf7+ $6 Rxf7 11. Qxg4 Qc7 {[%csl Rc2,Rf2]}) 10... d6 11. Qg3 a5 12. a4 Nf6 13.
O-O Nd7 14. Bg5 Nc5 15. Qh4 Re8 16. Bd5 Be6 $11 {1/2-1/2 Najer,E-Tiviakov,S/
Groningen 1999/EXT 2002/[Tiviakov]}) ({The same idea works also after} 9. c3
dxc3 10. dxc3 Ng4 $1 (10... d6 $143 $6 11. h3) 11. Bxf7+ Rxf7 12. Qxg4 d5 13.
Qh4 Bf6 14. Qh6 dxe4 15. O-O Qd3 16. Ng3 Bf5 17. Bg5 Rd8 $11 {1/2-1/2 Degraeve,
J-Gagunashvili,M/Plovdiv 2003/CBM 098 (28)}) 9... e6 $5 {[%cal Yf7f5] Shirov's
idea.} 10. d3 f5 11. Qg3 (11. Nxd4 $2 fxe4 $17) 11... b5 $5 {Black wins a
tempo for his light-squared bishop fianchetto.} 12. Bb3 Bb7 13. O-O $5 {
[%mdl 8] An interesting novelty, White ignores his attacked pawn e4 and
continues in development.} ({After other moves Black is OK:} 13. f3 fxe4 14.
dxe4 a5 15. a4 bxa4 16. Rxa4 Qb6 17. Qf2 Bxe4 18. Nxd4 Bc6 19. Nxc6 Qxc6 20. h4
$13 {1/2-1/2 Morozevich,A-Shirov,A/Wijk aan Zee 2001/CBM 081 (41)}) (13. e5 f4
14. Bxf4 Nf5 15. Qh2 g5 16. Bd2 Nh4 $36 {1/2-1/2 Solak,D-Dujkovic,S/Herceg
Novi 2001/CBM 084 ext (35)}) 13... fxe4 14. dxe4 Bxe4 {The principled
continuation, Black accepts the sacrificed pawn.} 15. Bg5 Nf5 $4 {But he
immediately blunders and loses.} ({White threatened to win a piece by
double-attack Qg3-h4 (directly or after an exchange Bxh6). The only way to
prevent it was} 15... Qb8 {Because of Black's mistake we don't know White's
further intention, probably he wanted to continue} 16. Qh4 Nf7 17. Be7 Re8 18.
Bf6 $5 $14 {and White's position is somewhat comfortable.}) 16. Bxd8 $18 (16.
Bxd8 Nxg3 17. Nxg3 Raxd8 18. Nxe4) 1-0

[Event "Bundesliga 0506"]
[Site "Germany"]
[Date "2005.10.22"]
[Round "7.3"]
[White "Tompa, Janos"]
[Black "Movsesian, Sergei"]
[Result "0-1"]
[WhiteElo "2408"]
[BlackElo "2635"]
[Annotator "Babula,V"]
[PlyCount "72"]
[EventDate "2005.10.21"]
[EventType "team-tourn"]
[EventRounds "15"]
[EventCountry "GER"]
[SourceTitle "CBM 110"]
[Source "ChessBase"]
[SourceDate "2006.01.31"]
[SourceVersion "1"]
[SourceVersionDate "2006.01.31"]
[SourceQuality "1"]
[WhiteTeam "Kirchheim"]
[BlackTeam "Baden-Baden"]
[WhiteTeamCountry "GER"]
[BlackTeamCountry "GER"]

1. e4 c5 2. Nc3 a6 {A quite interesting option besides more common} (2... Nc6)
(2... e6) (2... d6) {Move a7-a6 is generally useful in Sicilian.} 3. g3 {
White prepares the fianchetto what is too soft.} ({The best chances for an
opening advantage gives the transposition to normal open Sicilian lines} 3. Nf3
{followed by d2-d4.} {Slightly extraordinary position for open Sicilian arises
after} b5 4. d4 cxd4 (4... e6 $5) 5. Nxd4 Bb7 6. Bd3) 3... b5 4. Bg2 Bb7 5.
Nge2 e6 {This move looks the most logical, Black opens the diagonal for his
dark-squared bishop and takes under control the d5 square.} ({In his previous
game Movsesian continued} 5... Nf6 6. O-O d6 7. d3 (7. d4 Nbd7 $5 8. d5 g6 9.
Nf4 Bg7 $11 {1/2-1/2 Rogulj,B-Stocek,J/Pula 2000/CBM 076 ext (38)}) 7... e6 8.
f4 Qc7 (8... Be7 $2 9. e5 $1 Bxg2 10. exf6) 9. f5 b4 10. Nb1 e5 11. Bg5 Nbd7
12. Nd2 Be7 13. Nc4 Ng8 14. Bxe7 Nxe7 15. Qd2 Nf6 $11 {0-1 Rogulj,B-Movsesian,
S/Neum 2002/CBM 090 (64)}) 6. a3 {Aimed against b5-b4.} ({After} 6. d4 cxd4 7.
Nxd4 Nf6 {Black has optimally developed his forces and has nice counterplay
against White's centre}) ({and after} 6. O-O {White has to seriously calculate
with} b4 $5 7. Na4 (7. Nb1) 7... Nf6) 6... Nf6 7. d3 d5 {Black opts for an
active possibility.} ({Strategically different positions arise after} 7... d6
8. O-O Nc6 $11 {with about equal chances.}) 8. exd5 Nxd5 9. O-O $6 {This way
White allows his opponent to exchange the light-squared bishops what is
advantageous for Black.} ({He could avoid that by playing} 9. Ne4 $142 Qd7 ({
too optimistic is} 9... f5 $2 10. Ng5 Qd7 11. O-O $16 h6 $6 12. Nxe6 $1 Qxe6
13. c4 $18 {1-0 Knezevic,B-Solak,D/Herceg Novi 2000/EXT 2001 (27)}) 10. O-O Be7
$11 {but anyway Black has no problems.}) 9... Nxc3 10. Nxc3 Bxg2 11. Kxg2 Nc6
12. Be3 Be7 $15 {The position is more comfortable for Black. He has a nice
outpost for his knight on d4 and can easily further improve his position
opposite to White for whom it is very difficult to find an active plan.} 13. f4
{An attempt to play something active.} O-O $5 {Black is not afraid of the
f4-f5 advance.} ({Nevertheless he could prevent it by playing} 13... Nd4) 14.
a4 ({After} 14. f5 {Black has namely} Nd4 15. fxe6 (15. Bxd4 $2 cxd4 16. Ne4
exf5 17. Rxf5 g6 $17 {[%csl Re4][%cal Yf7f5]}) 15... f5 $1 $15) 14... Nd4 15.
Bxd4 {White can't suffer the dominant knight for long.} cxd4 16. Ne4 Rc8 {
[%csl Rc2][%cal Gc8c1] <->c, ><c2} 17. Rf2 f5 $5 {Without this move Black
can't do any progress, the knight stands on e4 very well.} 18. Nd2 Qd5+ 19. Qf3
({It is not suitable} 19. Nf3 $143 $6 {due to} g5 $1 {with opening the second
front.}) 19... Qd6 ({Of course not} 19... Rxc2 $6 20. Qxd5 exd5 21. axb5 axb5
22. Nf3 $44) 20. axb5 axb5 21. Nb3 {Although it seems that the knight stands
well here, it has no perspective there and it could be missed on the other
flank.} Rc7 $15 {White has one weakness, the pawn c2. According to the 2
weaknesses principle Black's next task is to create the second one. For it he
needs to open the second front on the kingside.} 22. Ra8 Bf6 23. Re2 h6 {
[%cal Yg7g5] Black plans the g7-g5 advance in the suitable moment.} 24. h4 $6 {
White would like to exchange (after g7-g5) more material to ease the defence
but it is a dubious idea as it would lead to opening h-file against White's
monarch.} ({It was better to stay according to rule which says "Don't move
pawns on that side where you are weaker". For example it was possible} 24. h3
$142 $5 {with the idea to capture on g5 after g7-g5 and play g3-g4.}) 24... g6
25. Rxf8+ Kxf8 26. Qa8+ Kf7 {The difference between White's and Black's piece
coordination is apparent.} 27. Kh2 $6 {The final phase of the game is full of
mistakes or inaccuracies, most probably due to the time-trouble.} (27. Qf3 $142
$15) 27... g5 $1 28. hxg5 hxg5 29. fxg5 $2 {The further opening makes White's
king deadly unguarded.} (29. Qf3 $142 Kg6 30. Kg2 Rh7 {[%cal Gh8h1] <->h})
29... Bxg5 30. Qh8 Bf6 $2 {The useless step back.} ({Much better was to
activate the bishop} 30... Be3 $142 $1 $17 {Black's king is OK and Black will
subsequently gain control over the h-file, important is that after} 31. c3 {
he has} e5 (31... Kg6 $2 32. Nxd4 Rh7+ 33. Qxh7+ Kxh7 34. Rxe3 $11)) 31. Qh5+
Kg7 32. Qe8 $2 (32. Kg2 $142 $15) 32... Be5 $2 (32... Qd5 $142 $17 33. Kg1 (33.
Qh5 Rc8 {[%cal Yc8h8]}) 33... Qf3 34. Qxe6 $140 Re7) 33. Qxb5 $2 {The final
mistake.} (33. Kg1 $142 $11 Re7 34. Qh5 Bxg3 35. Qg5+ $11) 33... Kf6 34. Nd2 $6
{It loses immediately.} ({But even after better} 34. Qe8 Bxg3+ 35. Kg1 Rg7 36.
Qh8 Kf7 37. Qh5+ Ke7 38. Rg2 Qf4 $19 {White can't defend for long.}) 34...
Bxg3+ $19 35. Kg2 Bh4 36. Nc4 Qg3+ 0-1

[Event "FIDE World Cup"]
[Site "Khanty-Mansiysk"]
[Date "2005.11.29"]
[Round "1.4"]
[White "Fedorov, Alexei"]
[Black "Cheparinov, Ivan"]
[Result "0-1"]
[WhiteElo "2616"]
[BlackElo "2618"]
[Annotator "Babula,V"]
[PlyCount "71"]
[EventDate "2005.11.27"]
[EventType "k.o."]
[EventRounds "7"]
[EventCountry "RUS"]
[SourceTitle "CBM 111"]
[Source "ChessBase"]
[SourceDate "2006.04.04"]
[SourceVersion "1"]
[SourceVersionDate "2006.04.04"]
[SourceQuality "1"]

1. e4 c5 2. Nc3 d6 3. Nge2 Nf6 4. g3 (4. d4 cxd4 5. Nxd4 {leads to the normal
open Sicilian.}) 4... b5 $5 {Black takes a chance and plays this typical
Sicilian move without the preliminary a7-a6. A reason is White's hanging e4
pawn.} 5. Bg2 ({White can't profit from the pin of Black's knight on e4, for
example} 5. Nxb5 Nxe4 6. Bg2 Bb7 7. d3 $6 Nc3 $1) 5... Bb7 6. O-O ({A critical
continuation is} 6. d4 {Now Black's best answer is perhaps} Nbd7 $5 (6... b4
$143 $6 7. Nd5 Nxd5 8. exd5 g6 9. Be3 Bg7 10. dxc5 dxc5 11. Bxc5 Na6 12. Be3
Nc7 13. c4 bxc3 14. Qa4+ $1 Kf8 15. Nxc3 Nxd5 16. O-O-O $1 $16 {1-0 Ivanov,
A-Browne,W/Seattle 2002/CBM 087 (38)}) 7. O-O e6 {, for example} 8. Nxb5 Bxe4
9. Bxe4 Nxe4 10. c4 a6 11. Nbc3 Nxc3 12. Nxc3 Be7 13. dxc5 dxc5 14. Qe2 O-O 15.
Rd1 Qc8 $11 {1/2-1/2 Smirin,I-Gelfand,B/Klaipeda 1988/CBM 011 (25)}) 6... Nbd7
({Similar to the game is} 6... e6 7. d3 a6) 7. d3 {White shows his intentions,
he doesn't open the centre.} ({After} 7. d4 e6 {we reach the position from the
note to move 6.}) (7. Nxb5 Bxe4 $11) 7... a6 ({Dubious is} 7... b4 $6 8. Nd5 {
as White will immediately start the play against Black's weakened queenside,
for example} e6 9. Nxf6+ Nxf6 10. a3) 8. a3 {Aimed against b5-b4.} ({In the
following example White does without this prophylaxis:} 8. h3 e6 9. g4 Be7 10.
f4 b4 11. Na4 O-O 12. g5 Ne8 13. h4 f6 14. Ng3 g6 15. b3 e5 16. Qg4 exf4 17.
Bxf4 Ng7 $13 {0-1 Balashov,Y-Popov,V/Krasnodar 2002/CBM 091 (43)}) 8... e6 9.
f4 Qc7 {Black protects his Bb7,} ({as the direct} 9... Be7 $6 {isn't suitable
due to} 10. e5 $1 Bxg2 $140 (10... Nd5 $142) 11. exf6 Bxf1 12. fxe7 Qxe7 13.
Qxf1) 10. h3 Be7 $11 {The further plans of both sides are clear enough.
White's arena of activity is the kingside and Black's one is the queenside.
The position is about equal.} 11. Bd2 (11. g4 $5) 11... O-O 12. g4 Nb6 13. g5
Nfd7 14. Ng3 Rfe8 15. h4 $6 {This is too slow, now Black takes up the
initiative.} (15. f5 $142 $11) 15... d5 $15 16. exd5 exd5 17. Qf3 b4 $5 {
Just now, when White can't exchange on b4 because of a loss of the c2 pawn.}
18. Nce2 (18. axb4 $2 cxb4 {[%csl Rc2]}) 18... a5 19. Rae1 Bf8 20. Nf5 c4 {
Black's pressure on the queenside is increasing, whereas White has still no
real threats on the kingside.} 21. axb4 axb4 22. Neg3 Ba6 ({Seemingly bad is} 
22... Rxe1 $6 23. Rxe1 Ra2 $2 {due to} 24. Re8 $1 Rxb2 25. Qg4 $1 {[%cal Yf5h6]
with the winning attack.}) 23. dxc4 $2 {Under pressure White commits a mistake
and blunders a pawn.} Nxc4 $19 24. Bc1 Ncb6 25. Rxe8 Rxe8 26. Rd1 (26. Rf2 $2
Re1+) 26... Qxc2 27. Ne3 Qc5 {Black plays the secure way as oversights are
more often in rapid games.} ({Otherwise he would perhaps continue} 27... Bc5 $5
28. Kh2 Bxe3 29. Bxe3 Rxe3 30. Qxe3 Qxd1 $19 {and Black's king is safe enough,
for example} 31. Qe8+ (31. Nf5 Qe2 32. Qd4 f6) 31... Nf8 32. Nf5 Nc8 33. Qe5
Ne6) 28. Kh2 Bb7 29. Nef5 Ba8 30. Nd4 Nc4 31. Ngf5 Nd6 32. Nxd6 Qxd6 33. Bd2 g6
34. Ra1 Bg7 35. Nc2 $6 (35. Be3 Nc5 $19) 35... Bxb2 36. Rb1 (36. Rb1 d4 $19)
0-1